Algemene Kennisquiz #3 - Statistieken

Algemene statistieken
  • Deze quiz is 2.789 keer genomen
  • De gemiddelde score is 8 van 20
Antwoordstatistieken
Vraag Antwoord % Correct
In welke stad wordt het originele Oktoberfest gevierd? München
80%
Welke vorm heeft SpongeBob's broek? Vierkant
80%
Sushi is vaak in nori gewikkeld. Wat is nori? Zeewier
77%
Wat is de hoogste berg in Afrika? Kilimanjaro
62%
Uit welke stad kwamen de Beatles? Liverpool
61%
Wat is het equivalent van de Kreeftskeerkring in het zuidelijk halfrond? {Steenboks}keerkring
61%
Wat is de grootste diersoort? De Blauwe Vinvis
59%
Welk Aziatisch land werd ten koste van Brazilië rond 2017 het op-vier-na-meest bevolkte land ter wereld? Pakistan
45%
Wat is de hoofdstad van Saoedi-Arabië? Riyad
38%
Wie zijn de ouders van Blue Ivy, Rumi, en Sir? Beyoncé en Jay-Z
30%
Wie was de tweede mens die op de maan liep? Buzz Aldrin
29%
Welke film uit 1972, geregisseerd door Francis Ford Coppola, heeft de Oscar voor beste film gewonnen? The Godfather
29%
Van wie werd in het Eerste Vaticaans Concilie in 1869-1870 besloten dat hij "onfeilbaar" was? De Paus
25%
Welke stad is nog steeds vrij bekend onder zijn voormalige naam Saigon? Ho Chi Minh-Stad
24%
Welke twee steden werden in het Oude Testament vernietigd met vuur en zwavel als straf voor hun misdrijven? Gomorra
20%
Welke twee steden werden in het Oude Testament vernietigd met vuur en zwavel als straf voor hun misdrijven? Sodom
20%
In welk gebouw is Koningin Elizabeth I begraven? Westminster Abbey
20%
Wie is de Rubicon overgestoken? Julius Caesar
18%
Bij welke "geheime" groep hoorden 14 presidenten van de Verenigde Staten? Vrijmetselaars
16%
Welke veroveraar veroverde de Azteken? Hernán Cortés
12%
Geen overeenkomende quizzen gevonden
Scoreverdeling
Procent van Mensen met Elke Score
Percentiel versus Aantal Correcte Antwoorden
Uw Scoregeschiedenis
U heeft deze quiz nog niet genomen